MCU Character Chain - Statistics

General Stats
  • This quiz has been taken 496 times
  • The average score is 11 of 20
Answer Stats
Hint Answer % Correct
God of Thunder Thor
95%
Thor's (adopted) Brother Loki
93%
Gamora's Half-Sister Nebula
93%
Thor's Father Odin
87%
Tasked with assembling the Avengers Nick Fury
86%
Black Widow's real name Natasha Romanoff
85%
Star Lord called him a "Trash Panda" Rocket Raccoon
85%
Could not mind control Hawkeye Scarlet Witch
65%
No strings on him Ultron
61%
Butler of Howard Stark Edwin Jarvis
60%
Darren Cross suited up Yellowjacket
54%
Instigated the Civil War Helmut Zemo
47%
Does not like to be bargained with Dormammu
45%
Loved DareDevil Elektra Natchios
36%
Part of the Warriors Three Fandral
32%
Was jealous of Tony Stark Obadiah Stane
30%
Son of the co-inventor of the Arc reactor Ivan Vanko
27%
Killed Thor's mother Kurse
21%
Exiled Yondu Udonta Stakar Ogord
10%
There is a cut on it's neck. Abilisk
2%
No matching quizzes found
Score Distribution
Percent of People with Each Score
Percentile by Number Answered
Your Score History
You have not taken this quiz